Word Ladder: Maine Quiz Stats

 Plays Quiz Updated Mar 17, 2016

Challenge
Share
Tweet
Embed
Score 0/36 Timer 04:00
3 Plays Today
Hint 4-Letter Word % Correct
Belonging to meMINE
96.5%
Fragment; sectionPART
96.3%
Liquid measure (for milk)PINT
96.3%
Quick, short breathsPANT
96.1%
Chinese dynastyMING
95.8%
SolitaryLONE
95%
• First part of largest city; town with a harbor •• PORT •
94.4%
With previous rung, a giant movie apeKONG
93.9%
Musical groupBAND
93.5%
Narrow country roadLANE
93.3%
• William ____, first governor •• KING •
93.1%
Metallic monetary objectCOIN
92.4%
Having many pages, like a bookLONG
92.3%
DemarcationLINE
92.2%
Military buildingFORT
92.2%
AdolescentTEEN
91.2%
Fictional spyBOND
90.9%
• Second part of largest city; terra firma •• LAND •
90.7%
Hint 4-Letter Word % Correct
At that timeTHEN
90.6%
Connect two piecesJOIN
90%
Ripped, shreddedTORN
88.3%
Pigeon soundsCOOS
88.2%
Partial toFOND
87.1%
Church receptacle for holy waterFONT
86.7%
• Maine ____, state cat •• COON •
86.4%
Aquatic birdTERN
86.4%
Old English form of 'you'THEE
83.4%
• Nickname: ____ [Last rung] State •• PINE •
79.8%
• Saint ____, longest river •• JOHN •
78.4%
Set of wheels with teethCOGS
75.6%
• Nickname: [First rung] ____ State •• TREE •
74.7%
• Portland Sea ____, Red Sox affiliate• • DOGS •
66.4%
High-end theater seatsLOGE
64.6%
90/00s metal bandKORN
59.9%
Leader in old VeniceDOGE
58.8%
Walter ____, Nobel physicistKOHN
52.2%

Today's Daily Dose

Missing Word
TV CA - CZ

Quick Pick
Vowels

On This Day
July 23rd II

You're not logged in!

Compare scores with friends on all Sporcle quizzes.
Join for Free
OR
Log In

You Might Also Like...

Show Comments

Extras

Top Quizzes Today


Score Distribution

Your Account Isn't Verified!

In order to create a playlist on Sporcle, you need to verify the email address you used during registration. Go to your Sporcle Settings to finish the process.

Report this User

Report this user for behavior that violates our Community Guidelines.

Details: